000 00584nam a2200217Ia 4500
003 OSt
005 20220928102504.0
006 a|||||r|||| 00| 0
007 ta
008 220927b |||||||| |||| 00| 0 eng d
024 _a43468
037 _cReference Collections
040 _aSDCL
_cSDCL
_beng
041 _2eng
_aeng
082 _ak1,N56, L6 RR
245 0 _aILLUSTRATED WORLD encyclopedia.
260 _aNew York
_b Bobley Publishing
_c1976
300 _a1619p
_ccm.
942 _hk1,N56, L6 RR
_cREF
_2CC
999 _c714401
_d714401